| 000 | 00675nam a2200169 i 4500 | ||
|---|---|---|---|
| 001 | 80586 | ||
| 003 | ES-MaACL | ||
| 007 | t| | ||
| 008 | 041028s1911 sp ||||1| spa d | ||
| 100 | 1 |
_aHoffa, Albert. _963935 |
|
| 245 | 1 | 0 |
_aAtlas manual de apósitos y vendajes para uso de médicos y estudiantes / _cpor Albert Hoffa ; aumentado y revisado después por Rudolf Grashey ; traducción directa de la 4ª edición alemana por Pablo González Muñoz. |
| 260 |
_aMadrid : _bAcademia, _c1911 ( _fJosé Rueda) |
||
| 300 |
_aVII, 260 p., 170 lám. : _bil. ; _c19 cm. |
||
| 700 | 1 |
_aGonzález Muñoz, Pablo. _958833 |
|
| 700 | 1 |
_aGrashey, Rudolf. _959692 |
|
| 852 |
_aES-MaACL _jE-259 |
||
| 999 |
_c80586 _d80586 |
||